000 00962nam a2200265 a 4500
005 20160213020002.0
008 160127s2006 ck o gr|||| 00| 0 spa d
020 _a9588094990
040 _aCO-BoIAVH
_cCO-BoIAVH
041 0 _aspa
044 _ack
082 0 4 _a577.3
_bC82s
100 1 _aÁlvarez López, Humberto
245 1 0 _aSelva pluvial tropical :
_bDepartamento del Valle del Cauca, Colombia /
_cCorporación Autónoma Regional del Valle del Cauca
260 _aSantiago de Cali :
_bCorporación Autónoma Regional del Valle del Cauca,
_c2006.
300 _a72 páginas :
_bfotografías ;
_c16 x 16 cm.
650 6 _aEcología de selva lluviosa
650 6 _aFlora y Fauna
662 _aColombia
_bValle del Cauca
700 1 _aGómez Hoyos, Natalia
700 1 _aReyes Gutierrez, Milton
700 1 _aSilverstone Sopkin, Philip A.
700 1 _aVanín Romero, Alfredo
942 _cLIBRO
_2ddc
_01
999 _c5526
_d5526